| 000 | 03319cam a22006734i 4500 | ||
|---|---|---|---|
| 003 | PE-LiUPU | ||
| 005 | 20250731180148.0 | ||
| 008 | 100615s2009 ck a rb 001 0 spa d | ||
| 020 | _a9588060834 | ||
| 020 | _a9789588060835 | ||
| 035 | _a(Sirsi) i9789588060835 | ||
| 040 |
_aXVF _bspa _cXVF _dUXS _dOCLCF _dPE-LiUPU _erda |
||
| 049 | _aPRUA | ||
| 082 | 0 | 4 |
_a553.7 _bR81 2009 |
| 100 | 1 |
_aRomero Rojas, Jairo Alberto, _eautor. |
|
| 245 | 1 | 0 |
_aCalidad del agua / _cJairo Alberto Romero Rojas. |
| 250 | _aTercera edición. | ||
| 264 | 1 |
_aBogotá : _bEditorial Escuela Colombiana de Ingeniería, _c2009. |
|
| 300 |
_a484 páginas : _bilustraciones ; _c24 centímetros. |
||
| 336 |
_atext _2rdacontent |
||
| 337 |
_aunmediated _2rdamedia |
||
| 338 |
_avolume _2rdacarrier |
||
| 504 | _aIncluye referencias bibliográficas e índice. | ||
| 505 | 0 | _aConceptos fundamentales de química -- Análisis físico del agua -- Análisis químico del agua -- Análisis bacteriológico del agua -- Coagulación química del agua -- Desinfección -- Ablandamiento -- Remoción de hierro y manganeso -- Criterios de calidad del agua. | |
| 526 | _aSEG44 | ||
| 526 | _aSEG26 | ||
| 526 | _aP159 | ||
| 526 | _aP155 | ||
| 526 | _aP154 | ||
| 526 | _aP153 | ||
| 526 | _aP150 | ||
| 526 | _aP100 | ||
| 526 | _aP31 | ||
| 526 | _aP30 | ||
| 526 | _aP26 | ||
| 526 | _aP25 | ||
| 526 | _aP24 | ||
| 526 | _aP22 | ||
| 526 | _aP15 | ||
| 526 | _aP10 | ||
| 541 | _g0001-0042329; | ||
| 650 | 4 |
_aAgua _xAnálisis. _92317 |
|
| 650 | 4 |
_aAgua _xPurificación. |
|
| 650 | 4 | _aCalidad del agua. | |
| 910 |
_btqv _cwelc _d20170125 |
||
| 910 |
_adbm _bmarg _cmarg _d20180116 |
||
| 942 |
_2ddc _cBOOK |
||
| 949 |
_a553.7 R81 2009 _wDEWEY _c1 _iFJ06015 _lCCODEBUJ1 _mBUJ _p47.00 _r0 _sY _tBOOK _u2017-01-25 _xINGENIERIA _PP24 _0COMPRA _o.STAFF. Colección General Juliaca |
||
| 994 |
_aC0 _bPEPRU |
||
| 596 | _a1 3 | ||
| 999 |
_a553.7 R81 _wDEWEY _c53989 _i65502 _d53989 _e2017-6-14 _f2021-11-9 _g7 _lCCODEBUL1 _mBUL _n6 _p68.00 _r0 _sY _tBOOK _u2015-7-6 _xINGENIERIA _PP24 _0COMPRA _o.STAFF. Colección General |
||
| 999 |
_a553.7 R81 _wDEWEY _c2 _i67446 _d2017-6-9 _e2017-6-7 _f2021-11-9 _g7 _lCCODEBUL1 _mBUL _n8 _p66.00 _r0 _sY _tBOOK _u2015-7-6 _xINGENIERIA _PP24 _0COMPRA _o.STAFF. Colección General |
||
| 999 |
_a553.7 R81 _wDEWEY _c3 _i69131 _f2021-11-9 _g7 _lCCODEBUL1 _mBUL _p70.00 _r0 _sY _tBOOK _u2015-7-6 _xINGENIERIA _PP24 _0COMPRA _o.STAFF. Colección General |
||
| 999 |
_a553.7 R81 _wDEWEY _c4 _i69132 _d2018-6-19 _e2015-11-29 _f2021-11-9 _g7 _lCCODEBUL1 _mBUL _n2 _p70.00 _q2 _r0 _sN _tBOOK _u2015-7-6 _xINGENIERIA _PP24 _0COMPRA _o.STAFF. Colección Ingenieria y Arquitectura |
||
| 999 |
_a553.7 R81 _wDEWEY _c5 _i78164 _f2021-11-9 _g4 _lCCODEBUL1 _mBUL _p42.67 _r0 _sY _tBOOK _u2018-1-16 _xINGENIERIA _PP24 _0COMPRA _o.STAFF. Colección Ingeniería y Arquitectura |
||
| 999 |
_a553.7 R81 _wDEWEY _c6 _i78165 _f2021-11-9 _g4 _lCCODEBUL1 _mBUL _r0 _sY _tBOOK _u2018-1-16 _xINGENIERIA _PP24 _0COMPRA _o.STAFF. Colección Ingeniería y Arquitectura |
||
| 999 |
_a553.7 R81 2009 _wDEWEY _c1 _iFJ06015 _d2019-11-8 _e2019-11-6 _f2022-1-25 _g4 _lCCODEBUJ1 _mBUJ _n6 _p47.00 _q5 _r0 _sY _tBOOK _u2017-1-25 _xINGENIERIA _PP24 _0COMPRA _o.STAFF. Colección General Juliaca |
||
| 980 |
_81 _gALBERTO SANCHEZ Responsable de Automatización |
||